02339nab a2200241uuc4500001000800000005001700008008004100025035001200066040001300078041000800091100004100099245008700140520147200227650005501699650002501754650005101779650003701830650004201867700004101909773011801950942001002068999001902078147417120241029091123.0170926m05uu2010 spa  a1474171 ccomduadb aspa10aVélez, Martha L.4auteaut976117510aSíndrome de estrés postraumático en mujeres embarazadas abusadoras de drogas3 aIntroducción: La exposición a eventos traumáticos es muy frecuente en mujeres con problemas de abuso de sustancias, pero no todas desarrollan síndrome de estrés postraumático (SEP). Pacientes con SEP tienen más problemas médicos, problemas interpersonales, usan drogas más fuertes y son más resistentes al tratamiento de adicción que pacientes sin este trastorno. Método: Exploración de la prevalencia de SEP en 87 mujeres embarazadas en tratamiento para adicción a drogas, que reportaron historia de violencia actual o durante la vida y aceptaron evaluación e intervenciones para mejorar aspectos afectados por el trauma, usando la Escala Diagnóstica de Estrés Postraumático (PDS), y de la sintomatología psicológica asociada, usando el Cuestionario de Síntomas-90 revisado (SCL-90R). Resultados: Más de la mitad (50,6%) de las pacientes llenaron criterios diagnósticos de SEP. Las mujeres con SEP presentaron puntuaciones significativamente más altas en todas las subescalas del SCL-90R, el Índice de Severidad Global (1,58 vs. 0,89) y el Índice de Síntomas Positivos de Distrés (2,24 vs.1,78) que las mujeres sin SEP. Conclusión: Los resultados señalan la importancia de la evaluación de trauma y sus consecuencias en las mujeres embarazadas que reciben tratamiento para el abuso de sustancias y la necesidad de implementar intervenciones más efectivas para mujeres con problemas de adicción y SEP. 7aTrastornos relacionados con sustancias2dcs956474 7aEmbarazo2lemb91428 aTrastorno por estrés postraumático9104306 aDrogadicción en mujeres941954 7aViolencia contra la mujer2lemb9205510aJansson, Lauren M.4auteaut97649530 tRevista Colombiana de Psiquiatría (Bogotá)gVolumen 39, 2010, Suplemento 01, 84-92w329827x0034-74500114314 cARIMP c770819d770819